Statistics for Countries Bordering Croatia

Click here to take the quiz!

General Stats

  • This quiz has been taken 197 times
  • The average score is 5 of 5

Answer Stats

DirectionAnswer% Correct
South EastBosnia And Herzegovina
98%
NorthSlovenia
98%
North EastHungary
97%
EastSerbia
97%
SouthMontenegro
95%

Score Distribution

Percentile by Number Answered

Percent of People with Each Score

Your Score History

You have not taken this quiz